Financovanie rozvoja podniku diplomová práca

Gespeichert in:
Bibliographische Detailangaben
1. Verfasser: Chropovská, Barbora
Körperschaft: Fakulta podnikového manažmentu EU. Katedra podnikových financií
Weitere Verfasser: Polednáková, Anna, 1957-
Format: Buch
Sprache:Slowakisch
Veröffentlicht: Bratislava 2021
Tags: Tag hinzufügen
Keine Tags, Fügen Sie das erste Tag hinzu!

MARC

LEADER 00000nbm a2200000 4500
001 0275680
005 20211129123330.9
041 0 |a slo 
044 |a SK 
245 1 0 |a Financovanie rozvoja podniku  |b diplomová práca  |c Barbora Chropovská ; školiteľ: Anna Polednáková 
264 1 |a Bratislava  |c 2021 
300 |a 82 s. 
100 1 |a Chropovská, Barbora 
700 1 |a Polednáková, Anna, 1957- 
710 2 |a Fakulta podnikového manažmentu EU. Katedra podnikových financií